Quiz sulla storia del Ciad - Statistics

Statistiche generali
  • Questo quiz è stato fatto 8 volte
  • Il punteggio medio è 9 su 12
Statistiche sulle risposte
DOMANDA RISPOSTA % Corretto
Numero di patrimoni dell'umanità in Ciad 2
100%
Alla fine del primo millennio tutta la regione si convertì a questa religione Islam/Musulmana
100%
A inizio del '900 divenne una colonia di questo stato Francia
88%
Tra il '600 e il '700 il regno ciadiano divenne più volte vassallo di quello del Darfur che è una delle province storiche di quale stato confinante? Sudan
88%
Nel 1965, instauratasi una dittatura, questo stato vicino cercò di "liberare" il Ciad da esse Sudan
88%
Anno d'indipendenza post bellico 1958
75%
Nome di un abitante del Ciad Ciadiano
75%
Il Ciad strinse l'alleanza con l'allora presidente libico (cognome) Gheddafi
75%
In realtà qui si sviluppò la civiltà prima che nella valle di questo fiume africano Nilo
75%
Ramo religioso maggiormente praticato Sunnita/Sunnismo
75%
Divenne una colonia indipendente solo nel 1920. Prima faceva parte dell'Africa Equatoriale francese che aveva come capitale un'odierna capitale Brazzaville
38%
Con l'adozione di questa religione il re cambiò nome in... (come tutte le nazioni con questo credo) Sultano
38%
Nessun quiz corrispondente trovato
Distribuzione punteggi
Percentuale di utenti per punteggio
Percentile per numero di risposta
I tuoi punteggi nel tempo
Non hai fatto questo quiz